000 00490nam a22001697a 4500
005 20251108165848.0
008 250721s9999 xx 000 0 ara d
082 1 4 _aط/646/ثيا
245 1 0 _aالثياب ، دفء و جمال /
264 1 _aبيروت :
_bدار شهرزاد،
_c[19-].
300 _a24ص:مص.
490 0 _aعلوم و معارف
_v7
650 1 7 _aالثياب
653 _aمرحلة ناشئون صغار (10-14 ) سنة
942 _2ddc
_cBK
999 _c33230
_d33230